|
|
|
|
| LEADER |
01510cam a2200289 i 4500 |
| 001 |
2737931 |
| 003 |
GR-PaULI |
| 005 |
20210117210919.0 |
| 008 |
781019s1979 nyua b 101 0 eng |
| 952 |
|
|
|0 0
|1 0
|2 ddc
|4 0
|6 Π_Σ_539_721000000000000_6_CAR
|7 0
|9 232857
|a LISP
|b LISP
|c REF
|d 2019-06-10
|i 07603
|l 0
|o Π/Σ 539.721 6 CAR
|p 025000113702
|r 2019-06-10 00:00:00
|t 1
|v 2019.00
|w 2019-06-10
|y BKN
|
| 999 |
|
|
|c 141369
|d 141369
|
| 010 |
|
|
|a 78024047
|
| 020 |
|
|
|a 0306400723
|
| 040 |
|
|
|a DLC
|c GR-PaULI
|d
|b gre
|e AACR2
|
| 082 |
0 |
0 |
|a 539.721 6
|2 23
|
| 111 |
|
|
|a Cargèse Summer Institute on Hadron Structure and Lepton-Hadron Interactions
|d (1977 :
|9 176135
|c Cargèse Summer Institute)
|
| 245 |
1 |
0 |
|a Hadron structure and lepton-hadron interactions :
|b Cargèse 1977 /
|c edited by Maurice Lévy ... [et al.].
|
| 260 |
|
|
|a New York :
|b Plenum Press,
|c c1979.
|
| 300 |
|
|
|a viii, 736 σ. :
|b εικ. ;
|c 26 εκ.
|
| 490 |
1 |
|
|a NATO advanced study institutes series : series B, Physics
|v 39.
|
| 500 |
|
|
|a "Organized by the Université Pierre et Marie Curie, Paris ... the Katholieke Universiteit te Leuven ... and the Université catholique de Louvain."
|
| 504 |
|
|
|a Περιλαμβάνει βιβλιογραφικές παραπομπές και ευρετήριο.
|
| 650 |
|
4 |
|a Σωματίδια (Πυρηνική φυσική)
|9 1007
|
| 700 |
1 |
|
|a Levy, Maurice,
|d 1922-
|9 162726
|e επιμελητής.
|
| 830 |
|
0 |
|a NATO ASI series.
|n Series B.
|p Physics
|v 39.
|9 162287
|
| 942 |
|
|
|2 ddc
|c BKN
|
| 998 |
|
|
|c ΜΠΟΥΡΑΣ
|d 2019-06
|